000 00763nam a22002772 4500
001 16898
003 BD-RjUL
005 20211209000050.0
008 140215s1971 enka b 001 0 eng
020 _a0177617179
035 _a(BD-RjUL)16953
040 _aDLC
_cDLC
_dBD-RjUL
_beng
041 _aeng
082 0 0 _a667.2
_bALC 1971
100 1 _aAllen, Reginald Lancelot Mountford.
_952159
245 1 0 _aColour chemistry /
_cR. L. M. Allen.
260 _aLondon :
_bNelson,
_cc1971.
300 _axii, 336 p. :
_billus. ;
_c24 cm.
490 0 _aStudies in modern chemistry
500 _aIncludes index.
504 _aBibliography: p. 314-319.
650 0 _aDyes and dyeing.
_952098
942 _2ddc
_cBK
999 _c16898
_d16898